Memorias congreso Latinoaméricano y segundo colombiano de botánica (Registro nro. 4626)

Detalles MARC
000 -CABECERA
Campo de control 00884nam a2200277 a 4500
005 - FECHA Y HORA DE LA ULTIMA TRANSACCION
Campo de control 20200104041551.0
008 - ELEMENTOS DE LONGITUD FIJA—INFORMACION GENERAL
Campo de control 140317t2004 ck a gr|||| 00| 0 spa d
040 ## - FUENTE DE CATALOGACIÓN
Agencia catalogadora original CO-BoIAVH
Agencia transcriptora CO-BoIAVH
041 ## - IDIOMA
Código de idioma para texto/pista de sonido o título separado Español
044 ## - PAÍS DE PUBLICACIÓN
País de publicación Colombia
082 04 - NUMERO DE CLASIFICACION DECIMAL DEWEY
Número de clasificación 581.9
Número del ítem M53c
245 1# - MENCION DE TITULO
Título Memorias congreso Latinoaméricano y segundo colombiano de botánica
260 ## - PUBLICACION, DISTRIBUCION, ETC. (PIE DE IMPRENTA)
Lugar de publicación, distribución, etc. Bogotá
Nombre del editor, distribuidor, etc. ICN
-- Universidad Nacional de Colombia
Fecha de publicación, distribución, etc. 2004
300 ## - DESCRIPCION FISICA
Extensión 258 paginas :
Otros detalles físicos ilustraciones;
Dimensiones 24 x 17 cm.
650 #6 - ASIENTO SECUNDARIO DE MATERIA - TERMINO TEMATICO
Término temático o nombre geográfico como elemento de entrada Botánica
Subdivisión de forma Congresos.
Subdivisión general Conferencia
9 (RLIN) 58188
650 #6 - ASIENTO SECUNDARIO DE MATERIA - TERMINO TEMATICO
Término temático o nombre geográfico como elemento de entrada Etnobotánica
9 (RLIN) 58189
650 #6 - ASIENTO SECUNDARIO DE MATERIA - TERMINO TEMATICO
Término temático o nombre geográfico como elemento de entrada Palinologia
9 (RLIN) 58190
650 #6 - ASIENTO SECUNDARIO DE MATERIA - TERMINO TEMATICO
Término temático o nombre geográfico como elemento de entrada Paleoecologia
9 (RLIN) 148
650 #6 - ASIENTO SECUNDARIO DE MATERIA - TERMINO TEMATICO
Término temático o nombre geográfico como elemento de entrada Briófitas
9 (RLIN) 58192
700 1# - ASIENTO SECUNDARIO - NOMBRE PERSONAL
Nombre personal Rangel Ch., J. Orlando
9 (RLIN) 58193
700 1# - ASIENTO SECUNDARIO - NOMBRE PERSONAL
Nombre personal Aguirre C., Jaime
9 (RLIN) 3749
700 1# - ASIENTO SECUNDARIO - NOMBRE PERSONAL
Nombre personal Andrade C., M. Gonzalo
9 (RLIN) 5380
700 1# - ASIENTO SECUNDARIO - NOMBRE PERSONAL
Nombre personal Giraldo Cañas, Diego
9 (RLIN) 10850
942 ## - ELEMENTOS ADICIONALES (KOHA)
Tipo de ítem Libro
Sistema de clasificación Dewey Decimal Classification
945 ## - PROCESAMIENTO LOCAL
AAAA-MM-DD - Fecha de ingreso o modificacion 2005-06-28
Existencias
Withdrawn status Lost status Sistema de Clasificación Damaged status No para préstamo Colección Inventariado Ubicación Permanente Ubicación actual Fecha de adquisición Fuente de Valor Total Checkouts Número topográfico Inventario / Código de Barras Date last seen Ejemplar Price effective from Forma de adquisición Tipo de material Date checked out
    Dewey Decimal Classification     General Inventariado 2017 Bogotá Bogotá 28/06/2005 Prieto, Adriana   LB-581.9 M53c 019259 04/12/2012 Ej. 1 04/12/2012   Libro  
    Dewey Decimal Classification     General Inventariado 2017 Sala Fabio Quevedo Sala Fabio Quevedo 28/08/2013   1 LB-581.9 M53c 058440 12/08/2015 Ej. 2 28/08/2013   Libro 12/08/2015
    Local     Botánica Inventariado 2017 Villa de Leyva Villa de Leyva 28/06/2005     LB-04158 019260 04/12/2012 Ej. 2 04/12/2012   Libro